Geographical variation in female labour force participation: An application of multilevel planning.

Skúmanie vplyvu geografického územia na stav zamestnanosti žien, rozdiely v zamestnanosti na plný a čiastočný úväzok. Premenné - príslušnosť k určitej etnickej skupine, jednotlivé životné štádiá - ako faktory ovplyvňujúce zamestnanosť žien. Skúmanie týchto faktorov z hľadiska ich vplyvu na priestoro...

Full description

Saved in:
Bibliographic Details
Main Author: Ward, C.
Other Authors: Dale, A.
Format: Book Chapter
Language:English
Subjects:
Tags: Add Tag
No Tags, Be the first to tag this record!

MARC

LEADER 00000naa a2200000 4500
001 r010817
005 20221213085216.9
041 0 |a eng 
044 |a GB 
245 1 0 |a Geographical variation in female labour force participation: An application of multilevel planning.  |c C. Ward, A. Dale 
520 |a Skúmanie vplyvu geografického územia na stav zamestnanosti žien, rozdiely v zamestnanosti na plný a čiastočný úväzok. Premenné - príslušnosť k určitej etnickej skupine, jednotlivé životné štádiá - ako faktory ovplyvňujúce zamestnanosť žien. Skúmanie týchto faktorov z hľadiska ich vplyvu na priestorové rozdiely v zamestnanosti. 
610 2 0 |a zamestnanosť 
610 2 0 |a ženy 
610 2 0 |a regióny 
610 2 0 |a pomer pracovný 
610 2 0 |a údaje štatistické 
610 2 0 |a modelovanie 
100 1 |a Ward, C. 
700 1 |a Dale, A.